| 000 | 00541nam a2200193 u 4500 | ||
|---|---|---|---|
| 005 | 20240912063836.0 | ||
| 008 | 101112s2007 r 000 0 eng d | ||
| 020 | _a9789876160209 | ||
| 035 | _aUPN01000178474 | ||
| 049 | _aI | ||
| 050 | 4 |
_aPZ78 _bB5.2 |
|
| 100 | 1 | _aBlanco, Miriam | |
| 245 | 1 | 0 |
_aCuentos para aprender / _cMiriam Blanco ; il. de Ramiro Pozo. |
| 260 |
_aBuenos Aires : _bSanta MarĂa, _c2007. |
||
| 300 | _a104 p. | ||
| 650 | 4 |
_aCuentos infantiles argentinos _97466 |
|
| 700 | 1 |
_aPozo, Ramiro, _eil. |
|
| 905 | _aInfantil | ||
| 999 |
_c150577 _d150577 |
||